Agar lelah berbuah jannah : kenalilah syurga-syurga Allah

Bibliographic Details
Main Author: Mohd Yusof Arbain (Author)
Other Authors: Najwa Fahima Shukri (Editor)
Format: Book
Published: Batu Caves,Selangor : PTS Publishing House Sendirian Berhad 2023
Subjects:

MARC

LEADER 00000cam a2200000 7i4500
001 0000093325
005 20231210162257.0
008 231210 may
020 |a 9789674819224 (  |q (paperback)) 
040 |e rda 
041 |a Malay 
090 0 0 |a 297.23   |b MOH 
100 0 |a Mohd Yusof Arbain ,   |e (author) 
245 1 0 |a Agar lelah berbuah jannah :   |b kenalilah syurga-syurga Allah   |c Mohd Yusof Arbain 
264 1 |a Batu Caves,Selangor :   |b PTS Publishing House Sendirian Berhad   |c 2023 
300 |a 222 pages :   |b illustrations ;   |c 23 cm. 
336 |a text  |2 rdacontent 
337 |a unmediated  |2 rdamedia 
338 |a volume  |2 rdacarrier 
500 |a Contain verses from the Qur'an and quotes from the Hadith 
541 |c Purchased on 2023   |f 00732 NAQ   |h RM27.00 
650 0 |a Muslims   |x Conducts of life 
650 0 |a Paradise   |x Islam 
650 0 |a Religious life   |x Islam 
700 1 |a Najwa Fahima Shukri ,   |e (editor) 
730 0 |a Title 
999 |a 0001746640   |b Book   |c Adult Collection   |e Perbadanan Perpustakaan Awam Johor 
999 |a 0001746671   |b Book   |c Adult Collection   |e Cawangan Urban Transformation Centre 
999 |a 0001746672   |b Book   |c Adult Collection   |e Cawangan AEON Kulaijaya 
999 |a 0001746673   |b Book   |c Adult Collection   |e Cawangan Mersing 
999 |a 0001746674   |b Book   |c Adult Collection   |e Cawangan Segamat 
999 |a 0001746675   |b Book   |c Adult Collection   |e Cawangan Tangkak 
999 |a 0001746676   |b Book   |c Adult Collection   |e Cawangan Taman Sri Lambak 
999 |a 0001746677   |b Book   |c Adult Collection   |e Cawangan Bukit Gambir 
999 |a 0001746678   |b Book   |c Adult Collection   |e Cawangan Pontian 
999 |a 0001746679   |b Book   |c Adult Collection   |e Cawangan Bandar Penawar 
999 |a 0001746680   |b Book   |c Adult Collection   |e Perbadanan Perpustakaan Awam Johor 
999 |a 0001746681   |b Book   |c Adult Collection   |e Cawangan Tmn. Ungku Tun Aminah 
999 |a 0001746682   |b Book   |c Adult Collection   |e Cawangan Kota Tinggi 
999 |a 0001746683   |b Book   |c Adult Collection   |e Cawangan Batu Pahat 
999 |a 0001746684   |b Book   |c Adult Collection   |e Cawangan Muar 
999 |a 0001746685   |b Book   |c Adult Collection   |e Cawangan Bandar Tenggara